Sports Quiz

Random Sports or Golf Quiz
Score 0/40 Timer 05:00
18 Plays Today
Year Name % Correct
2005Tiger Woods
99.8%
2002Tiger Woods
99.8%
2001Tiger Woods
99.8%
2008Tiger Woods
99.8%
2002Tiger Woods
99.8%
2000Tiger Woods
99.8%
2006Tiger Woods
99.8%
2005Tiger Woods
99.8%
2000Tiger Woods
99.8%
2007Tiger Woods
99.8%
2006Tiger Woods
99.8%
2000Tiger Woods
99.8%
2006Phil Mickelson
92.1%
2004Phil Mickelson
92.1%
2005Phil Mickelson
92.1%
2002Ernie Els
72.8%
2000Vijay Singh
71.4%
2004Vijay Singh
71.4%
2007Zach Johnson
61.3%
2008Padraig Harrington
56.7%
Year Name % Correct
2007Padraig Harrington
56.7%
2008Padraig Harrington
56.7%
2009Angel Cabrera
53.8%
2007Angel Cabrera
53.8%
2003Mike Weir
46.4%
2001David Duval
45.1%
2003Jim Furyk
43.8%
2004Retief Goosen
42.4%
2001Retief Goosen
42.4%
2009Stewart Cink
38.9%
2008Trevor Immelman
38.6%
2003Ben Curtis
31.4%
2009Y.E. Yang
31%
2005Michael Campbell
29%
2006Geoff Ogilvy
28.3%
2004Todd Hamilton
27.4%
2009Lucas Glover
26.4%
2002Rich Beem
24%
2001David Toms
22.1%
2003Shaun Micheel
20.6%
Remove Ads.
Support Sporcle.
Get the best of Sporcle when you Go Orange. This ad-free experience offers more features, more stats, and more fun while also helping to support Sporcle. Thank you for becoming a member.

You're not logged in!

Compare scores with friends on all Sporcle quizzes.
OR
Log In

Sporcle TV

Today on Sporcle TV


Watch our educational content, quiz creation guides, and fun videos on Sporcle TV.

Show Comments

Extras

Top Quizzes Today


Score Distribution

Paid Content

Your Account Isn't Verified!

In order to create a playlist on Sporcle, you need to verify the email address you used during registration. Go to your Sporcle Settings to finish the process.

Report this User

Report this user for behavior that violates our Community Guidelines.

Details: